[Event "7th Arber Senior Cup"]
[Site "chess24.com"]
[Date "2019.08.01"]
[Round "6"]
[White "Gerl, Hans, Dr."]
[Black "Auterhoff, Juergen, Dr."]
[Result "1-0"]
[Board "25"]
[WhiteElo "1955"]
[WhiteCountry "GER"]
[WhiteFideId "4659236"]
[WhiteEloChange "3"]
[BlackElo "1673"]
[BlackCountry "GER"]
[BlackFideId "4609760"]
[BlackEloChange "-3"]

1. d4 {[%clk 2:10:53]} Nf6 {[%clk 2:10:51]} 2. c4 {[%clk 2:11:13]} e6 {[%clk
2:11:13]} 3. Nf3 {[%clk 2:11:32]} b6 {[%clk 2:10:54]} 4. a3 {[%clk 2:11:50]} Bb7
{[%clk 2:11:05]} 5. Nc3 {[%clk 2:12:08]} d5 {[%clk 2:09:41]} 6. cxd5 {[%clk
2:12:27]} exd5 {[%clk 2:09:35]} 7. g3 {[%clk 2:11:37]} Nbd7 {[%clk 2:08:12]} 8.
Bg2 {[%clk 2:11:59]} Be7 {[%clk 2:07:22]} 9. b4 {[%clk 2:08:47]} a6 {[%clk
2:05:10]} 10. Rb1 {[%clk 2:08:25]} O-O {[%clk 2:04:35]} 11. O-O {[%clk 2:08:14]}
Bd6 {[%clk 1:58:31]} 12. Qb3 {[%clk 2:04:28]} Re8 {[%clk 1:53:59]} 13. Nh4 {[%clk
2:02:47]} c6 {[%clk 1:45:46]} 14. Nf5 {[%clk 2:00:42]} Bc7 {[%clk 1:43:24]} 15.
f3 {[%clk 1:57:55]} Nf8 {[%clk 1:35:25]} 16. e4 {[%clk 1:54:27]} Bc8 {[%clk
1:32:30]} 17. Rd1 {[%clk 1:52:23]} Bxf5 {[%clk 1:29:37]} 18. exf5 {[%clk
1:52:41]} Qd7 {[%clk 1:25:58]} 19. Qc2 {[%clk 1:52:22]} h6 {[%clk 1:23:24]} 20.
Ne2 {[%clk 1:47:55]} Re7 {[%clk 1:19:38]} 21. Bf1 {[%clk 1:45:42]} Rae8 {[%clk
1:15:12]} 22. Nf4 {[%clk 1:42:32]} b5 {[%clk 1:12:49]} 23. Bd2 {[%clk 1:41:19]}
Bb6 {[%clk 1:11:30]} 24. Bc3 {[%clk 1:41:07]} Re3 {[%clk 1:06:37]} 25. Kg2 {[%clk
1:38:07]} R3e7 {[%clk 1:05:22]} 26. Rbc1 {[%clk 1:37:36]} Bc7 {[%clk 1:02:07]}
27. Bd2 {[%clk 1:37:12]} Bb6 {[%clk 0:52:24]} 28. Qxc6 {[%clk 1:36:11]} Bxd4
{[%clk 0:52:04]} 29. Qxa6 {[%clk 1:34:59]} Qxf5 {[%clk 0:45:08]} 30. Bd3 {[%clk
1:31:35]} Qe5 {[%clk 0:39:47]} 31. Re1 {[%clk 1:30:52]} Qb8 {[%clk 0:38:50]} 32.
Rxe7 {[%clk 1:26:43]} Rxe7 {[%clk 0:39:06]} 33. Qxb5 {[%clk 1:26:49]} Qxb5 {[%clk
0:36:36]} 34. Bxb5 {[%clk 1:27:06]} Bb2 {[%clk 0:36:55]} 35. Rb1 {[%clk 1:26:23]}
Bxa3 {[%clk 0:36:45]} 36. Rb3 {[%clk 1:25:49]} Ra7 {[%clk 0:35:09]} 37. Bc6
{[%clk 1:22:13]} d4 {[%clk 0:33:40]} 38. b5 {[%clk 1:21:18]} Bc5 {[%clk 0:30:47]}
39. Nd3 {[%clk 1:17:13]} Bb6 {[%clk 0:30:04]} 40. Bf4 {[%clk 1:12:16]} Ne6 {[%clk
0:29:14]} 41. Bd6 {[%clk 1:12:30]} Ra2+ {[%clk 0:23:15]} 42. Rb2 {[%clk 1:10:42]}
Rxb2+ {[%clk 0:23:31]} 43. Nxb2 {[%clk 1:10:59]} Nd8 {[%clk 0:20:59]} 44. Nc4
{[%clk 1:09:31]} Ba7 {[%clk 0:13:57]} 45. Ba8 {[%clk 1:07:15]} Nd7 {[%clk
0:13:45]} 46. Bc7 {[%clk 1:06:52]} Ne6 {[%clk 0:13:15]} 47. b6 {[%clk 1:06:50]}
d3 {[%clk 0:11:26]} 48. Kf1 {[%clk 1:06:36]} Ndc5 {[%clk 0:09:48]} 49. bxa7
{[%clk 1:04:34]} Nxc7 {[%clk 0:10:06]} 50. Bc6 {[%clk 1:04:51]} Nb3 {[%clk
0:06:55]} 51. a8Q+ {[%clk 1:03:17]} Nxa8 {[%clk 0:07:21]} 52. Bxa8 {[%clk
1:03:45]} d2 {[%clk 0:07:19]} 53. Ke2 {[%clk 1:03:58]} Nd4+ {[%clk 0:06:54]} 54.
Kxd2 {[%clk 1:04:12]} 1-0

[Event "7th Arber Senior Cup"]
[Site "chess24.com"]
[Date "2019.08.01"]
[Round "6"]
[White "Moser, Andreas"]
[Black "Wittkugel, Friedhelm"]
[Result "1/2-1/2"]
[Board "26"]
[WhiteElo "1693"]
[WhiteCountry "GER"]
[WhiteFideId "24627178"]
[WhiteEloChange "6"]
[BlackElo "1920"]
[BlackCountry "GER"]
[BlackFideId "24606162"]
[BlackEloChange "-6"]

1. e4 {[%clk 2:10:53]} Nf6 {[%clk 2:10:55]} 2. Nc3 {[%clk 2:10:29]} d6 {[%clk
2:10:47]} 3. Nf3 {[%clk 2:10:20]} g6 {[%clk 2:10:35]} 4. d4 {[%clk 2:10:27]} Bg7
{[%clk 2:10:33]} 5. h3 {[%clk 2:10:33]} c6 {[%clk 2:10:29]} 6. Bd3 {[%clk
2:08:34]} Qc7 {[%clk 2:06:47]} 7. Be3 {[%clk 2:07:24]} Nbd7 {[%clk 2:05:52]} 8.
Qd2 {[%clk 2:04:26]} h6 {[%clk 2:04:14]} 9. O-O-O {[%clk 2:03:07]} b5 {[%clk
2:01:18]} 10. g4 {[%clk 2:02:33]} b4 {[%clk 2:00:17]} 11. Ne2 {[%clk 2:02:49]} a5
{[%clk 1:58:09]} 12. g5 {[%clk 2:00:28]} hxg5 {[%clk 1:57:43]} 13. Nxg5 {[%clk
1:57:16]} Ba6 {[%clk 1:56:45]} 14. Ng3 {[%clk 1:53:35]} c5 {[%clk 1:54:59]} 15.
Bxa6 {[%clk 1:47:49]} Rxa6 {[%clk 1:55:18]} 16. f4 {[%clk 1:43:08]} c4 {[%clk
1:44:48]} 17. Qe2 {[%clk 1:46:48]} e6 {[%clk 1:34:42]} 18. f5 {[%clk 1:44:15]}
gxf5 {[%clk 1:34:50]} 19. exf5 {[%clk 1:44:31]} e5 {[%clk 1:34:52]} 20. dxe5
{[%clk 1:38:31]} Nxe5 {[%clk 1:32:44]} 21. Bd4 {[%clk 1:36:45]} Bh6 {[%clk
1:26:49]} 22. h4 {[%clk 1:36:52]} Nd7 {[%clk 1:26:23]} 23. Kb1 {[%clk 1:33:41]}
f6 {[%clk 1:14:32]} 24. Qh5+ {[%clk 1:33:41]} Ke7 {[%clk 1:14:32]} 25. N3e4
{[%clk 1:33:41]} Raa8 {[%clk 1:14:32]} 26. Ne6 {[%clk 1:33:41]} Qc6 {[%clk
1:14:32]} 27. Qe2 {[%clk 1:33:41]} c3 {[%clk 1:14:32]} 28. b3 {[%clk 1:33:41]} a4
{[%clk 1:14:32]} 1/2-1/2

[Event "7th Arber Senior Cup"]
[Site "chess24.com"]
[Date "2019.08.01"]
[Round "6"]
[White "Schmid, Johann"]
[Black "Wacker, Manfred"]
[Result "1/2-1/2"]
[Board "28"]
[WhiteElo "1842"]
[WhiteTeam "SV WB Allianz Muenchen"]
[WhiteCountry "GER"]
[WhiteFideId "24643807"]
[WhiteEloChange "-3"]
[BlackElo "1741"]
[BlackTeam "SC Lambsheim"]
[BlackCountry "GER"]
[BlackFideId "12952850"]
[BlackEloChange "3"]

1. d4 {[%clk 2:10:30]} Nf6 {[%clk 2:10:30]} 2. Nf3 {[%clk 2:10:30]} g6 {[%clk
2:10:30]} 3. Bf4 {[%clk 2:10:30]} Bg7 {[%clk 2:10:30]} 4. e3 {[%clk 2:10:30]} d6
{[%clk 2:10:30]} 5. Be2 {[%clk 2:10:30]} Nbd7 {[%clk 2:10:30]} 6. h3 {[%clk
2:10:30]} b6 {[%clk 2:10:30]} 7. O-O {[%clk 2:10:30]} O-O {[%clk 2:10:30]} 8.
Nbd2 {[%clk 2:10:30]} Bb7 {[%clk 2:10:30]} 9. c3 {[%clk 2:10:30]} c5 {[%clk
2:10:30]} 10. Qb3 {[%clk 2:10:30]} Rc8 {[%clk 2:10:30]} 11. Rad1 {[%clk 2:10:30]}
cxd4 {[%clk 2:10:30]} 12. exd4 {[%clk 2:10:30]} Ne4 {[%clk 2:10:30]} 13. Nxe4
{[%clk 2:10:30]} Bxe4 {[%clk 2:10:30]} 14. Ng5 {[%clk 2:10:30]} Nf6 {[%clk
2:10:30]} 15. Ba6 {[%clk 2:10:30]} Rc6 {[%clk 2:10:30]} 16. Nxe4 {[%clk 2:10:30]}
Nxe4 {[%clk 2:10:30]} 17. Bb7 {[%clk 2:10:30]} Qc7 {[%clk 2:10:30]} 18. Bxc6
{[%clk 2:10:30]} Qxc6 {[%clk 2:10:30]} 19. Rfe1 {[%clk 2:10:30]} Qb7 {[%clk
2:10:30]} 20. Rd3 {[%clk 2:10:30]} d5 {[%clk 2:10:30]} 21. f3 {[%clk 2:10:30]}
Nf6 {[%clk 2:10:30]} 22. a4 {[%clk 2:10:30]} Nh5 {[%clk 2:10:30]} 23. Bh2 {[%clk
2:10:30]} Bh6 {[%clk 2:10:30]} 24. Qb4 {[%clk 2:10:30]} e6 {[%clk 2:10:30]} 25.
Rdd1 {[%clk 2:10:30]} Nf4 {[%clk 2:10:30]} 26. Qd6 {[%clk 2:10:30]} Nh5 {[%clk
2:10:30]} 27. Ra1 {[%clk 2:10:30]} Rc8 {[%clk 2:10:30]} 28. g4 {[%clk 2:10:30]}
Bf8 {[%clk 2:10:30]} 29. Qe5 {[%clk 2:10:30]} Ng7 {[%clk 2:10:30]} 30. Kg2 {[%clk
2:10:30]} Ne8 {[%clk 2:10:30]} 31. Qe2 {[%clk 2:10:30]} Nd6 {[%clk 2:10:30]} 32.
Bxd6 {[%clk 2:10:30]} Bxd6 {[%clk 2:10:30]} 33. h4 {[%clk 2:10:30]} h6 {[%clk
2:10:30]} 34. a5 {[%clk 2:10:30]} b5 {[%clk 2:10:30]} 35. a6 {[%clk 2:10:30]} Qb8
{[%clk 2:10:30]} 36. Rh1 {[%clk 2:10:30]} Qb6 {[%clk 2:10:30]} 37. Ra2 {[%clk
2:10:30]} b4 {[%clk 2:10:30]} 38. Rc1 {[%clk 2:10:30]} Bf4 {[%clk 2:10:30]} 39.
Rd1 {[%clk 2:10:30]} bxc3 {[%clk 2:10:30]} 40. bxc3 {[%clk 2:10:30]} Rxc3 {[%clk
2:10:30]} 41. Rb2 {[%clk 2:10:30]} Qd6 {[%clk 2:10:30]} 42. Kh3 {[%clk 2:10:30]}
Re3 {[%clk 2:10:30]} 43. Qf1 {[%clk 2:10:30]} Qa3 {[%clk 2:10:30]} 44. Rf2 {[%clk
2:10:30]} Qd6 {[%clk 2:10:30]} 45. Rd3 {[%clk 2:10:30]} Qxa6 {[%clk 2:10:30]} 46.
Rxe3 {[%clk 2:10:30]} Qxf1+ {[%clk 2:10:30]} 47. Rxf1 {[%clk 2:10:30]} Bxe3
{[%clk 2:10:30]} 48. Rd1 {[%clk 2:10:30]} a5 {[%clk 2:10:30]} 49. Rd3 {[%clk
2:10:30]} Bf2 {[%clk 2:10:30]} 50. Kg2 {[%clk 2:10:30]} Bxh4 {[%clk 2:10:30]} 51.
Kf1 {[%clk 2:10:30]} Be7 {[%clk 2:10:30]} 52. Ke2 {[%clk 2:10:30]} a4 {[%clk
2:10:30]} 53. Kd1 {[%clk 2:10:30]} a3 {[%clk 2:10:30]} 54. Kc2 {[%clk 2:10:30]}
Kg7 {[%clk 2:10:30]} 55. Rb3 {[%clk 2:10:30]} Kf6 {[%clk 2:10:30]} 56. Rb7 {[%clk
2:10:30]} Bd6 {[%clk 2:10:30]} 57. Kb3 {[%clk 2:10:30]} Kg7 {[%clk 2:10:30]} 58.
Rb6 {[%clk 2:10:30]} Bf8 {[%clk 2:10:30]} 59. Rb8 {[%clk 2:10:30]} h5 {[%clk
2:10:30]} 60. gxh5 {[%clk 2:10:30]} gxh5 {[%clk 2:10:30]} 61. Rc8 {[%clk
2:10:30]} h4 {[%clk 2:10:30]} 62. Rc1 {[%clk 2:10:30]} f5 {[%clk 2:10:30]} 63.
Rg1+ {[%clk 2:10:30]} Kf6 {[%clk 2:10:30]} 64. Rg8 {[%clk 2:10:30]} Kf7 {[%clk
2:10:30]} 65. Rh8 {[%clk 2:10:30]} Be7 {[%clk 2:10:30]} 66. Rh7+ {[%clk 2:10:30]}
Ke8 {[%clk 2:10:30]} 67. Rh8+ {[%clk 2:10:30]} Kd7 {[%clk 2:10:30]} 68. Rh7
{[%clk 2:10:30]} 1/2-1/2

[Event "7th Arber Senior Cup"]
[Site "chess24.com"]
[Date "2019.08.01"]
[Round "6"]
[White "Bauer, Werner"]
[Black "Nusser, Hans-Karl, Dr."]
[Result "1-0"]
[Board "29"]
[WhiteElo "1881"]
[WhiteTeam "SV WB Allianz Muenchen"]
[WhiteCountry "GER"]
[WhiteFideId "24698059"]
[WhiteEloChange "3"]
[BlackElo "1601"]
[BlackTeam "Muenchener SC"]
[BlackCountry "GER"]
[BlackFideId "16226399"]
[BlackEloChange "-3"]

1. Nf3 {[%clk 2:10:30]} d5 {[%clk 2:10:30]} 2. c4 {[%clk 2:10:30]} c6 {[%clk
2:10:30]} 3. g3 {[%clk 2:10:30]} Bf5 {[%clk 2:10:30]} 4. cxd5 {[%clk 2:10:30]}
cxd5 {[%clk 2:10:30]} 5. Bg2 {[%clk 2:10:30]} h6 {[%clk 2:10:30]} 6. O-O {[%clk
2:10:30]} Nf6 {[%clk 2:10:30]} 7. Qb3 {[%clk 2:10:30]} Nbd7 {[%clk 2:10:30]} 8.
Nc3 {[%clk 2:10:30]} e6 {[%clk 2:10:30]} 9. Qxb7 {[%clk 2:10:30]} Bc5 {[%clk
2:10:30]} 10. Qb3 {[%clk 2:10:30]} O-O {[%clk 2:10:30]} 11. d3 {[%clk 2:10:30]}
Rb8 {[%clk 2:10:30]} 12. Qc2 {[%clk 2:10:30]} Qc7 {[%clk 2:10:30]} 13. b3 {[%clk
2:10:30]} Rfc8 {[%clk 2:10:30]} 14. Bb2 {[%clk 2:10:30]} e5 {[%clk 2:10:30]} 15.
Nh4 {[%clk 2:10:30]} Be6 {[%clk 2:10:30]} 16. e4 {[%clk 2:10:30]} d4 {[%clk
2:10:30]} 17. Na4 {[%clk 2:10:30]} Bd6 {[%clk 2:10:30]} 18. Qxc7 {[%clk 2:10:30]}
Rxc7 {[%clk 2:10:30]} 19. Rac1 {[%clk 2:10:30]} Rbc8 {[%clk 2:10:30]} 20. Rxc7
{[%clk 2:10:30]} Rxc7 {[%clk 2:10:30]} 21. Rc1 {[%clk 2:10:30]} Rxc1+ {[%clk
2:10:30]} 22. Bxc1 {[%clk 2:10:30]} Ne8 {[%clk 2:10:30]} 23. f4 {[%clk 2:10:30]}
f6 {[%clk 2:10:30]} 24. Kf2 {[%clk 2:10:30]} Nc7 {[%clk 2:10:30]} 25. Nf3 {[%clk
2:10:30]} Na6 {[%clk 2:10:30]} 26. Bd2 {[%clk 2:10:30]} Nb4 {[%clk 2:10:30]} 27.
Bxb4 {[%clk 2:10:30]} Bxb4 {[%clk 2:10:30]} 28. fxe5 {[%clk 2:10:30]} fxe5 {[%clk
2:10:30]} 29. Nb2 {[%clk 2:10:30]} Kf8 {[%clk 2:10:30]} 30. Nc4 {[%clk 2:10:30]}
Bxc4 {[%clk 2:10:30]} 31. bxc4 {[%clk 2:10:30]} Ke7 {[%clk 2:10:30]} 32. Bh3
{[%clk 2:10:30]} Bd6 {[%clk 2:10:30]} 33. Bxd7 {[%clk 2:10:30]} Kxd7 {[%clk
2:10:30]} 34. g4 {[%clk 2:10:30]} Kc6 {[%clk 2:10:30]} 35. Ke2 {[%clk 2:10:30]}
Kc5 {[%clk 2:10:30]} 36. Kd2 {[%clk 2:10:30]} Kb4 {[%clk 2:10:30]} 37. Kc2 {[%clk
2:10:30]} Ka3 {[%clk 2:10:30]} 38. Kb1 {[%clk 2:10:30]} a5 {[%clk 2:10:30]} 39.
h4 {[%clk 2:10:30]} Kb4 {[%clk 2:10:30]} 40. Kb2 {[%clk 2:10:30]} Ka4 {[%clk
2:10:30]} 41. h5 {[%clk 2:10:30]} Ba3+ {[%clk 2:10:30]} 42. Kc2 {[%clk 2:10:30]}
Bd6 {[%clk 2:10:30]} 43. Nh4 {[%clk 2:10:30]} Ka3 {[%clk 2:10:30]} 44. Nf5 {[%clk
2:10:30]} Bf8 {[%clk 2:10:30]} 45. Kb1 {[%clk 2:10:30]} Kb4 {[%clk 2:10:30]} 46.
Kb2 {[%clk 2:10:30]} Ka4 {[%clk 2:10:30]} 47. Kc2 {[%clk 2:10:30]} Kb4 {[%clk
2:10:30]} 48. Kb2 {[%clk 2:10:30]} Ka4 {[%clk 2:10:30]} 49. Nh4 {[%clk 2:10:30]}
Ba3+ {[%clk 2:10:30]} 50. Kc2 {[%clk 2:10:30]} Bd6 {[%clk 2:10:30]} 51. Nf3
{[%clk 2:10:30]} Kb4 {[%clk 2:10:30]} 52. g5 {[%clk 2:10:30]} hxg5 {[%clk
2:10:30]} 53. Nxg5 {[%clk 2:10:30]} Be7 {[%clk 2:10:30]} 54. Ne6 {[%clk 2:10:30]}
Bf6 {[%clk 2:10:30]} 55. a3+ {[%clk 2:10:30]} Ka4 {[%clk 2:10:30]} 56. Kb2 {[%clk
2:10:30]} Be7 {[%clk 2:10:30]} 57. Nxg7 {[%clk 2:10:30]} Bxa3+ {[%clk 2:10:30]}
58. Kc2 {[%clk 2:10:30]} Be7 {[%clk 2:10:30]} 59. h6 {[%clk 2:10:30]} Kb4 {[%clk
2:10:30]} 60. h7 {[%clk 2:10:30]} 1-0

[Event "7th Arber Senior Cup"]
[Site "chess24.com"]
[Date "2019.08.01"]
[Round "6"]
[White "Riha, Peter"]
[Black "Zwetz, Anita"]
[Result "0-1"]
[Board "30"]
[WhiteElo "1720"]
[WhiteTeam "Schleswiger SV"]
[WhiteCountry "GER"]
[WhiteFideId "24627399"]
[WhiteEloChange "-7"]
[BlackElo "1828"]
[BlackTeam "TSV Kareth-Lappersdorf"]
[BlackCountry "GER"]
[BlackFideId "4613244"]
[BlackEloChange "7"]

1. d4 {[%clk 2:10:30]} d5 {[%clk 2:10:30]} 2. Bf4 {[%clk 2:10:30]} c6 {[%clk
2:10:30]} 3. Nf3 {[%clk 2:10:30]} Qb6 {[%clk 2:10:30]} 4. Qc1 {[%clk 2:10:30]}
Bf5 {[%clk 2:10:30]} 5. e3 {[%clk 2:10:30]} Nf6 {[%clk 2:10:30]} 6. h3 {[%clk
2:10:30]} Nbd7 {[%clk 2:10:30]} 7. c4 {[%clk 2:10:30]} dxc4 {[%clk 2:10:30]} 8.
Bxc4 {[%clk 2:10:30]} Qb4+ {[%clk 2:10:30]} 9. Qc3 {[%clk 2:10:30]} e6 {[%clk
2:10:30]} 10. O-O {[%clk 2:10:30]} Qb6 {[%clk 2:10:30]} 11. Qb3 {[%clk 2:10:30]}
Be7 {[%clk 2:10:30]} 12. Nc3 {[%clk 2:10:30]} h6 {[%clk 2:10:30]} 13. Rfd1 {[%clk
2:10:30]} O-O {[%clk 2:10:30]} 14. Rac1 {[%clk 2:10:30]} Kh8 {[%clk 2:10:30]} 15.
Ne5 {[%clk 2:10:30]} Qxb3 {[%clk 2:10:30]} 16. Bxb3 {[%clk 2:10:30]} Rad8 {[%clk
2:10:30]} 17. a3 {[%clk 2:10:30]} g5 {[%clk 2:10:30]} 18. Bh2 {[%clk 2:10:30]} g4
{[%clk 2:10:30]} 19. hxg4 {[%clk 2:10:30]} Nxg4 {[%clk 2:10:30]} 20. Nxg4 {[%clk
2:10:30]} Bxg4 {[%clk 2:10:30]} 21. f3 {[%clk 2:10:30]} Bh5 {[%clk 2:10:30]} 22.
g4 {[%clk 2:10:30]} Rg8 {[%clk 2:10:30]} 23. Kf2 {[%clk 2:10:30]} Bg6 {[%clk
2:10:30]} 24. Rh1 {[%clk 2:10:30]} Kg7 {[%clk 2:10:30]} 25. Bc7 {[%clk 2:10:30]}
Rc8 {[%clk 2:10:30]} 26. Bf4 {[%clk 2:10:30]} Rh8 {[%clk 2:10:30]} 27. Bc2 {[%clk
2:10:30]} Bxc2 {[%clk 2:10:30]} 28. Rxc2 {[%clk 2:10:30]} Rh7 {[%clk 2:10:30]}
29. Rcc1 {[%clk 2:10:30]} Rch8 {[%clk 2:10:30]} 30. Rh5 {[%clk 2:10:30]} Kg6
{[%clk 2:10:30]} 31. Rch1 {[%clk 2:10:30]} f6 {[%clk 2:10:30]} 32. Ne2 {[%clk
2:10:30]} Nb6 {[%clk 2:10:30]} 33. Nc3 {[%clk 2:10:30]} Nc4 {[%clk 2:10:30]} 34.
Nd1 {[%clk 2:10:30]} Bd6 {[%clk 2:10:30]} 35. Bxd6 {[%clk 2:10:30]} Nxd6 {[%clk
2:10:30]} 36. Ke2 {[%clk 2:10:30]} f5 {[%clk 2:10:30]} 37. gxf5+ {[%clk 2:10:30]}
Nxf5 {[%clk 2:10:30]} 38. R5h3 {[%clk 2:10:30]} Kf6 {[%clk 2:10:30]} 39. Nf2
{[%clk 2:10:30]} h5 {[%clk 2:10:30]} 40. Ng4+ {[%clk 2:10:30]} Ke7 {[%clk
2:10:30]} 41. Ne5 {[%clk 2:10:30]} Rg7 {[%clk 2:10:30]} 42. Kf2 {[%clk 2:10:30]}
Rhg8 {[%clk 2:10:30]} 43. R1h2 {[%clk 2:10:30]} h4 {[%clk 2:10:30]} 44. Ng4
{[%clk 2:10:30]} Rf8 {[%clk 2:10:30]} 45. f4 {[%clk 2:10:30]} Rxg4 {[%clk
2:10:30]} 0-1

[Event "7th Arber Senior Cup"]
[Site "chess24.com"]
[Date "2019.08.01"]
[Round "6"]
[White "Cordts, Elof"]
[Black "Meul, Willi"]
[Result "0-1"]
[Board "31"]
[WhiteElo "1710"]
[WhiteTeam "SC Erlangen"]
[WhiteCountry "GER"]
[WhiteFideId "12987301"]
[WhiteEloChange "-5"]
[BlackElo "1904"]
[BlackTeam "SV Huerth-Berrenrath"]
[BlackCountry "GER"]
[BlackFideId "24621978"]
[BlackEloChange "5"]

1. e4 {[%clk 2:10:30]} c5 {[%clk 2:10:30]} 2. Nc3 {[%clk 2:10:30]} d6 {[%clk
2:10:30]} 3. f4 {[%clk 2:10:30]} g6 {[%clk 2:10:30]} 4. Nf3 {[%clk 2:10:30]} Bg7
{[%clk 2:10:30]} 5. Bb5+ {[%clk 2:10:30]} Bd7 {[%clk 2:10:30]} 6. Bc4 {[%clk
2:10:30]} e6 {[%clk 2:10:30]} 7. O-O {[%clk 2:10:30]} Ne7 {[%clk 2:10:30]} 8. d3
{[%clk 2:10:30]} Nbc6 {[%clk 2:10:30]} 9. a3 {[%clk 2:10:30]} O-O {[%clk
2:10:30]} 10. Qe1 {[%clk 2:10:30]} Nd4 {[%clk 2:10:30]} 11. Qf2 {[%clk 2:10:30]}
b5 {[%clk 2:10:30]} 12. Ba2 {[%clk 2:10:30]} Nec6 {[%clk 2:10:30]} 13. Nd1 {[%clk
2:10:30]} Kh8 {[%clk 2:10:30]} 14. c3 {[%clk 2:10:30]} Nxf3+ {[%clk 2:10:30]} 15.
Qxf3 {[%clk 2:10:30]} f5 {[%clk 2:10:30]} 16. Rb1 {[%clk 2:10:30]} Qe7 {[%clk
2:10:30]} 17. Nf2 {[%clk 2:10:30]} e5 {[%clk 2:10:30]} 18. Nh3 {[%clk 2:10:30]}
Rac8 {[%clk 2:10:30]} 19. Bd2 {[%clk 2:10:30]} fxe4 {[%clk 2:10:30]} 20. Qxe4
{[%clk 2:10:30]} Bxh3 {[%clk 2:10:30]} 21. gxh3 {[%clk 2:10:30]} exf4 {[%clk
2:10:30]} 22. Qxe7 {[%clk 2:10:30]} Nxe7 {[%clk 2:10:30]} 23. Bxf4 {[%clk
2:10:30]} Nf5 {[%clk 2:10:30]} 24. Rbe1 {[%clk 2:10:30]} Rce8 {[%clk 2:10:30]}
25. Re6 {[%clk 2:10:30]} Rxe6 {[%clk 2:10:30]} 26. Bxe6 {[%clk 2:10:30]} Be5
{[%clk 2:10:30]} 27. Bd2 {[%clk 2:10:30]} Kg7 {[%clk 2:10:30]} 28. Bd7 {[%clk
2:10:30]} a6 {[%clk 2:10:30]} 29. Bc6 {[%clk 2:10:30]} Rd8 {[%clk 2:10:30]} 30.
Be4 {[%clk 2:10:30]} Rf8 {[%clk 2:10:30]} 31. b4 {[%clk 2:10:30]} Rf7 {[%clk
2:10:30]} 32. h4 {[%clk 2:10:30]} h5 {[%clk 2:10:30]} 33. Be1 {[%clk 2:10:30]}
Kf8 {[%clk 2:10:30]} 34. Bd5 {[%clk 2:10:30]} Re7 {[%clk 2:10:30]} 35. Bf2 {[%clk
2:10:30]} cxb4 {[%clk 2:10:30]} 36. d4 {[%clk 2:10:30]} Bf6 {[%clk 2:10:30]} 37.
axb4 {[%clk 2:10:30]} Kg7 {[%clk 2:10:30]} 38. Re1 {[%clk 2:10:30]} Rc7 {[%clk
2:10:30]} 39. Rc1 {[%clk 2:10:30]} Bxd4 {[%clk 2:10:30]} 40. c4 {[%clk 2:10:30]}
Bxf2+ {[%clk 2:10:30]} 41. Kxf2 {[%clk 2:10:30]} Ne7 {[%clk 2:10:30]} 42. Re1
{[%clk 2:10:30]} Nf5 {[%clk 2:10:30]} 43. cxb5 {[%clk 2:10:30]} axb5 {[%clk
2:10:30]} 44. Re8 {[%clk 2:10:30]} Nxh4 {[%clk 2:10:30]} 45. Rb8 {[%clk 2:10:30]}
Rc2+ {[%clk 2:10:30]} 46. Kg3 {[%clk 2:10:30]} Nf5+ {[%clk 2:10:30]} 47. Kf4
{[%clk 2:10:30]} Ne7 {[%clk 2:10:30]} 48. Rb7 {[%clk 2:10:30]} Kf6 {[%clk
2:10:30]} 49. Rxb5 {[%clk 2:10:30]} Rxh2 {[%clk 2:10:30]} 50. Rb6 {[%clk
2:10:30]} Nxd5+ {[%clk 2:10:30]} 0-1

[Event "7th Arber Senior Cup"]
[Site "chess24.com"]
[Date "2019.08.01"]
[Round "6"]
[White "Glatz, Volker"]
[Black "Yon, Gregory"]
[Result "1-0"]
[Board "32"]
[WhiteElo "1515"]
[WhiteTeam "SC Bayerwald"]
[WhiteCountry "GER"]
[WhiteFideId "12973645"]
[WhiteEloChange "14"]
[BlackElo "1658"]
[BlackTeam "Bergische SF"]
[BlackCountry "GER"]
[BlackFideId "12933945"]
[BlackEloChange "-14"]

1. e4 {[%clk 2:10:30]} d5 {[%clk 2:10:30]} 2. exd5 {[%clk 2:10:30]} Nf6 {[%clk
2:10:30]} 3. d4 {[%clk 2:10:30]} Bg4 {[%clk 2:10:30]} 4. Qd3 {[%clk 2:10:30]}
Qxd5 {[%clk 2:10:30]} 5. c4 {[%clk 2:10:30]} Qh5 {[%clk 2:10:30]} 6. Bf4 {[%clk
2:10:30]} Na6 {[%clk 2:10:30]} 7. a3 {[%clk 2:10:30]} O-O-O {[%clk 2:10:30]} 8.
f3 {[%clk 2:10:30]} Bf5 {[%clk 2:10:30]} 9. Qc3 {[%clk 2:10:30]} Qg6 {[%clk
2:10:30]} 10. Nd2 {[%clk 2:10:30]} e5 {[%clk 2:10:30]} 11. dxe5 {[%clk 2:10:30]}
Nh5 {[%clk 2:10:30]} 12. Be3 {[%clk 2:10:30]} Bd3 {[%clk 2:10:30]} 13. g4 {[%clk
2:10:30]} Bxf1 {[%clk 2:10:30]} 14. Kxf1 {[%clk 2:10:30]} Qd3+ {[%clk 2:10:30]}
15. Qxd3 {[%clk 2:10:30]} Rxd3 {[%clk 2:10:30]} 16. Ke2 {[%clk 2:10:30]} Rxe3+
{[%clk 2:10:30]} 17. Kxe3 {[%clk 2:10:30]} Bc5+ {[%clk 2:10:30]} 18. Ke2 {[%clk
2:10:30]} Nf4+ {[%clk 2:10:30]} 19. Kf1 {[%clk 2:10:30]} Rd8 {[%clk 2:10:30]} 20.
Ne4 {[%clk 2:10:30]} Bd4 {[%clk 2:10:30]} 21. Rd1 {[%clk 2:10:30]} Bxb2 {[%clk
2:10:30]} 22. Rxd8+ {[%clk 2:10:30]} Kxd8 {[%clk 2:10:30]} 23. Ne2 {[%clk
2:10:30]} Nd3 {[%clk 2:10:30]} 24. Kg2 {[%clk 2:10:30]} Kc8 {[%clk 2:10:30]} 25.
f4 {[%clk 2:10:30]} Bxa3 {[%clk 2:10:30]} 26. Rd1 {[%clk 2:10:30]} Nb2 {[%clk
2:10:30]} 27. Rd4 {[%clk 2:10:30]} Be7 {[%clk 2:10:30]} 28. N2c3 {[%clk 2:10:30]}
c6 {[%clk 2:10:30]} 29. f5 {[%clk 2:10:30]} Bb4 {[%clk 2:10:30]} 30. e6 {[%clk
2:10:30]} fxe6 {[%clk 2:10:30]} 31. fxe6 {[%clk 2:10:30]} Nc7 {[%clk 2:10:30]}
32. Nd6+ {[%clk 2:10:30]} Bxd6 {[%clk 2:10:30]} 33. Rxd6 {[%clk 2:10:30]} Nxc4
{[%clk 2:10:30]} 34. Rd7 {[%clk 2:10:30]} Nxe6 {[%clk 2:10:30]} 35. Re7 {[%clk
2:10:30]} Nf4+ {[%clk 2:10:30]} 36. Kf2 {[%clk 2:10:30]} Nd5 {[%clk 2:10:30]} 37.
Nxd5 {[%clk 2:10:30]} cxd5 {[%clk 2:10:30]} 38. Rxg7 {[%clk 2:10:30]} d4 {[%clk
2:10:30]} 39. Rxh7 {[%clk 2:10:30]} a5 {[%clk 2:10:30]} 40. g5 {[%clk 2:10:30]}
a4 {[%clk 2:10:30]} 41. g6 {[%clk 2:10:30]} Nd6 {[%clk 2:10:30]} 42. g7 {[%clk
2:10:30]} Ne4+ {[%clk 2:10:30]} 43. Ke1 {[%clk 2:10:30]} Nf6 {[%clk 2:10:30]} 44.
Rh8+ {[%clk 2:10:30]} Kd7 {[%clk 2:10:30]} 45. g8Q {[%clk 2:10:30]} Nxg8 {[%clk
2:10:30]} 46. Rxg8 {[%clk 2:10:30]} b5 {[%clk 2:10:30]} 47. Rb8 {[%clk 2:10:30]}
Kc6 {[%clk 2:10:30]} 48. Kd2 {[%clk 2:10:30]} a3 {[%clk 2:10:30]} 49. Rc8+ {[%clk
2:10:30]} Kd5 {[%clk 2:10:30]} 50. Kd3 {[%clk 2:10:30]} b4 {[%clk 2:10:30]} 51.
Ra8 {[%clk 2:10:30]} Kc5 {[%clk 2:10:30]} 52. h4 {[%clk 2:10:30]} b3 {[%clk
2:10:30]} 53. Rxa3 {[%clk 2:10:30]} b2 {[%clk 2:10:30]} 54. Rb3 {[%clk 2:10:30]}
1-0